| 000 -LEADER |
| fixed length control field |
00550cam a2200181 a 4500 |
| 020 ## - INTERNATIONAL STANDARD BOOK NUMBER |
| ISBN |
0813512360 : |
| 020 ## - INTERNATIONAL STANDARD BOOK NUMBER |
| ISBN |
0813512379 (pbk.) : |
| 040 ## - CATALOGING SOURCE |
| Transcribing agency |
DLC |
| 082 00 - DEWEY DECIMAL CLASSIFICATION NUMBER |
| Classification number |
791 RUT 1987 A085 Or. |
| 245 03 - TITLE STATEMENT |
| Title |
La Strada : |
| Remainder of title |
Federico Fellini, director / |
| 260 ## - PUBLICATION, DISTRIBUTION, ETC. (IMPRINT) |
| Place of publication |
New Brunswick : |
| Name of publisher |
Rutgers University Press, |
| Year of publication |
c1987. |
| 300 ## - PHYSICAL DESCRIPTION |
| Number of Pages |
vi, 270 p. : |
| Other physical details |
ill. ; |
| Dimensions |
21 cm. |
| 700 1# - ADDED ENTRY--PERSONAL NAME |
| Personal name |
Fellini, Federico. |
| 700 1# - ADDED ENTRY--PERSONAL NAME |
| Personal name |
Bondanella, Peter E., |
| 700 1# - ADDED ENTRY--PERSONAL NAME |
| Personal name |
Gieri, Manuela. |
| 856 42 - ELECTRONIC LOCATION AND ACCESS |
| Uniform Resource Identifier |
http://www.loc.gov/catdir/enhancements/fy1206/86027960-b.html |
| 942 ## - ADDED ENTRY ELEMENTS (KOHA) |
| Koha item type |
សៀវភៅភាសាអង់គ្លេស |
| 952 ## - LOCATION AND ITEM INFORMATION (KOHA) |
| Withdrawn status [LOCAL, KOHA] |
0 |